00346nam a2200109Ia 45000010005000000080041000050200040000460820024000861000038001102450044001482600044001921676241024s9999 xx 000 0 und d a978-9945-427-34-9/978-9945-427-35-6 aRD/864.42/H519obr/1 aMax (1885-1968) Henriquez Ureña 0aObra y Apuntes: documentos personales 1 bSecretaría de Estado de Culturac2008